000 00249pab a2200109 454500
008 180718b xxu||||| |||| 00| 0 eng d
100 _aRamanathan, Usha
245 _aClubbing women's laws
650 _aWomen
773 _aIndian Express
909 _a22779
999 _c22779
_d22779